1510 1653 1874 1914 1958 1973 1117 1900 1220 1998 1941 1581 1833 1277 1980 1450 1508 1404 1925 1993 1045 1355 1398 1438 1654 1020 1340 1120 1022 1381 1120 1491 1934 1009 1213 1739 1967 1421 1348 1982 1295 1596 1603 1810 1113 1627 1021 1862 1013 1813 1873 1485 1647 1203 1766 1997 1187 1697 1309 1415 1697 1656 1160 1674 1389 1401 1038 1102 1792 1680 1491 1618 1270 1468 1822 1001 1925 1238 1175 1258 1398 1828 1544 1122 1234 1894 1479 1404 1827 1328 1754 1168 1987 1763 1318 1727 1679 1154 1483 BCNSPRNW ULIB Ver.6.0+V

เปลี่ยนเป็นภาษาไทย

Change to English
 แสดงรายละเอียดบรรณานุกรม
  กลับหน้าหลัก

Brief Record : Get Marc (ISO 2709) : E-mail record : QR code < ปิดหน้าต่าง
LEADER : 00000nam 2200000uu 4500
001    13399120845
003     ULIB
008    121019s2552||||th 000 0 tha d
020    ^a9789741684779(ล.3)
050 04 ^aBF441^bท317ค ล.3 2552
100 0  ^aทองสุข รวยสูงเนิน
245 10 ^aคู่มือปฏิบัติการการจัดการเรียนรู้เพื่อพัฒนาทักษะการคิด 3 /^cเรียบเรียงโดย ทองสุข รวยสูงเนิน
250    ^aพิมพ์ครั้งที่ 2
260    ^aกรุงเทพฯ :^bสถาบันพัฒนาความก้าวหน้า,^c2552
300    ^a3 เล่ม :^bภาพประกอบ
504    ^aบรรณานุกรม: หน้า 154-157
505 0  ^aล.3^tคู่มือปฏิบัติการการจัดการเรียนรู้เพื่อพัฒนาทักษะการคิด
650  7 ^aการเรียนรู้
650  7 ^aการสอน
650  7 ^aระบบการเรียนการสอน
650  7 ^aทักษะทางการคิด
710 20 ^aสถาบันพัฒนาความก้าวหน้า
945    ^p180^l0^i17733
995    ^aกัณชพร
999 ^a ใช้งานได้ทุกระบบ
รายการนี้ยังไม่มีแท็ก
คุณยังไม่ได้ล็อกอิน คุณสามารถมีกิจกรรมร่วมกับเว็บไซต์ได้ แต่ต้องล็อกอินก่อน ::
  ล็อกอิน

รายการสื่อสารสนเทศ

ลำดับที่ ประเภท เลขเรียก/บาร์โค้ด สถานที่ สถานะ
1. วิทยาศาสตร์การแพทย์ และสุขภาพ
วิทยาศาสตร์การแพทย์ และสุขภาพ
BF441 ท317ค ล.3 2552  
  Barcode: 17733
ห้องสมุดวิทยาเขตสวรรค์ประชารักษ์
►หนังสือทั่วไป
บนชั้น

รายการใกล้เคียง
    ผู้แต่ง [ทองสุข รวยสูงเนิน]

    หัวเรื่อง [การเรียนรู้]
    หัวเรื่อง [การสอน]
    หัวเรื่อง [ระบบการเรียนการสอน]
    หัวเรื่อง [ทักษะทางการคิด]

BibComment


ยังไม่เคยถูกคอมเมนท์

คอมเมนท์ทรัพยากรรายการนี้
  คอมเมนท์: คู่มือปฏิบัติการ..


 Copyright 2026. Bcnsprnw @Library